[Event "SC Forchheim-Schachfreunde Paderborn 200"]
[Site "Osnabrück"]
[Date "2010.12.27"]
[Round "1.3"]
[White "Hötte, Philipp"]
[Black "Miller, Eduard"]
[Result "1-0"]
[WhiteElo "1928"]
[BlackElo "2077"]
[PlyCount "77"]
[EventDate "2010.??.??"]
[WhiteTeam "Schachfreunde Paderborn 2000"]
[BlackTeam "SC Forchheim"]

1. e4 d6 2. d4 Nf6 3. Nc3 g6 4. f4 Bg7 5. a3 O-O 6. Nf3 c5 7. dxc5 Qa5 8. b4
Qd8 9. Be3 Nfd7 10. Qd2 dxc5 11. Rd1 cxb4 12. axb4 Nc6 13. b5 Nb4 14. e5 a5 15.
Na4 e6 16. Nb6 Qxb6 17. Bxb6 Nxb6 18. c3 N4d5 19. Qd4 f6 20. g3 Nd7 21. Bc4
fxe5 22. Nxe5 Nxe5 23. fxe5 Rf5 24. Bxd5 Rxe5+ 25. Be4 Bd7 26. Qxe5 Bxe5 27.
Rxd7 Bxc3+ 28. Ke2 a4 29. Rxb7 a3 30. Rc7 Ra4 31. Rxc3 Rxe4+ 32. Kd3 Rb4 33.
Rxa3 Rxb5 34. Ra7 Rb3+ 35. Kc2 Rb8 36. Rb1 Rc8+ 37. Kd3 e5 38. Ke4 Re8 39. Rbb7
1-0

[Event "SC Forchheim-Schachfreunde Paderborn"]
[Site "Osnabrueck"]
[Date "2010.12.27"]
[Round "1.1"]
[White "Neukoetter, Max"]
[Black "Mons, LŽon"]
[Result "0-1"]
[WhiteElo "1995"]
[BlackElo "2221"]
[PlyCount "58"]
[EventDate "2011.01.03"]
[SourceDate "2011.01.03"]

1. e4 g6 2. d4 Bg7 3. Nc3 d6 4. Bc4 Nf6 5. Bg5 h6 6. Bf4 O-O 7. Qd2 g5 8. Be3
Ng4 9. f4 Nxe3 10. Qxe3 gxf4 11. Qxf4 Nc6 12. Nge2 Nxd4 13. Nxd4 e5 14. Qg3
exd4 15. Nd5 c6 16. Nf4 Qa5+ 17. Ke2 Qg5 18. Qxg5 hxg5 19. Nh3 Re8 20. Kd3 d5
21. exd5 b5 22. Bb3 c5 23. c4 dxc3 24. bxc3 c4+ 25. Bxc4 bxc4+ 26. Kxc4 Bxh3
27. gxh3 Rec8+ 28. Kb5 Rab8+ 29. Ka4 Rc4+ 0-1

[Event "SC Forchheim-Schachfreunde Paderborn 200"]
[Site "Osnabrück"]
[Date "2010.12.27"]
[Round "1.2"]
[White "Seyb, Alexander"]
[Black "Nonhoff, Marko"]
[Result "1-0"]
[WhiteElo "2272"]
[BlackElo "1973"]
[PlyCount "65"]
[EventDate "2010.??.??"]
[WhiteTeam "SC Forchheim"]
[BlackTeam "Schachfreunde Paderborn 2000"]

1. e4 e6 2. d4 d5 3. Nc3 Bb4 4. e5 c5 5. a3 cxd4 6. axb4 dxc3 7. Nf3 Qc7 8.
bxc3 Qxc3+ 9. Bd2 Qc7 10. Bd3 Nc6 11. Qe2 Nge7 12. b5 Nb8 13. O-O Nd7 14. Ra3
b6 15. Bb4 Nc5 16. Rc3 Bb7 17. Nd4 O-O 18. Nb3 d4 19. Nxd4 Nd5 20. Bxh7+ Kxh7
21. Qh5+ Kg8 22. Rh3 f5 23. Bxc5 Nf4 24. Qh7+ Kf7 25. Rg3 Rg8 26. Bd6 Qc4 27.
c3 Qd5 28. Re1 Rae8 29. h3 Bc8 30. Ra1 Rd8 31. Rxa7+ Rd7 32. Rxd7+ Bxd7 33. Qh4
1-0

[Event "SC Forchheim-Schachfreunde Paderborn 200"]
[Site "Osnabrück"]
[Date "2010.12.27"]
[Round "1.4"]
[White "Stephan, Michael"]
[Black "Georgi, Philip"]
[Result "1/2-1/2"]
[WhiteElo "1825"]
[BlackElo "1891"]
[PlyCount "25"]
[EventDate "2010.??.??"]
[WhiteTeam "SC Forchheim"]
[BlackTeam "Schachfreunde Paderborn 2000"]

1. e4 e6 2. d4 d5 3. exd5 exd5 4. Bd3 Bd6 5. Nf3 Nf6 6. O-O O-O 7. Bg5 Bg4 8.
Nbd2 Nbd7 9. c4 c6 10. c5 Be7 11. Re1 Re8 12. Qc2 Bh5 13. Nh4 1/2-1/2

[Event "SC Forchheim-Schachfreunde Paderborn 200"]
[Site "Osnabrück"]
[Date "2010.12.27"]
[Round "1.5"]
[White "Neukötter, Moritz"]
[Black "Neth, Tobias"]
[Result "1-0"]
[WhiteElo "1721"]
[BlackElo "1809"]
[PlyCount "63"]
[EventDate "2010.??.??"]
[WhiteTeam "Schachfreunde Paderborn 2000"]
[BlackTeam "SC Forchheim"]

1. e4 e5 2. Nf3 Nc6 3. Bc4 Bc5 4. Nc3 d6 5. d3 h6 6. Be3 Bg4 7. Bxc5 dxc5 8. h3
Bd7 9. Qd2 Nf6 10. O-O O-O 11. Qe3 b6 12. Bd5 Qe7 13. Nd2 Nd4 14. Bb3 c6 15.
Ne2 Nh5 16. Nxd4 cxd4 17. Qf3 Qg5 18. Nc4 Nf4 19. Kh2 Kh7 20. Qg3 Qe7 21. Qf3
b5 22. Nd2 f5 23. exf5 Rxf5 24. Qe4 g6 25. g4 Rf6 26. Nf3 Raf8 27. Qxe5 Qd8 28.
Rae1 Kh8 29. Nxd4 a5 30. g5 hxg5 31. Qxg5 Nxh3 32. Qh6# 1-0

[Event "SC Forchheim-Schachfreunde Paderborn 200"]
[Site "Osnabrück"]
[Date "2010.12.27"]
[Round "1.6"]
[White "Theiler, Maximilian"]
[Black "Gehle, Philipp"]
[Result "1-0"]
[WhiteElo "1700"]
[BlackElo "1497"]
[PlyCount "115"]
[EventDate "2010.??.??"]
[WhiteTeam "SC Forchheim"]
[BlackTeam "Schachfreunde Paderborn 2000"]

1. d4 d5 2. c4 c6 3. Nc3 Nf6 4. Bf4 e6 5. e3 Bd6 6. Bxd6 Qxd6 7. Nf3 Nbd7 8.
Bd3 e5 9. cxd5 Nxd5 10. O-O O-O 11. Ne4 Qc7 12. Rc1 Nb4 13. Bc4 exd4 14. Qxd4
c5 15. Bxf7+ Rxf7 16. Qxb4 Qxh2+ 17. Kxh2 cxb4 18. Nd6 Rf8 19. Rc7 Nb6 20. Nd4
Nd5 21. Rcc1 Rd8 22. Nxc8 Raxc8 23. Nb3 Nf6 24. Rxc8 Rxc8 25. Rc1 Rxc1 26. Nxc1
Kf7 27. Nd3 a5 28. f3 b5 29. Ne5+ Ke6 30. Nc6 a4 31. Nxb4 Nd5 32. Nxd5 Kxd5 33.
e4+ Kd4 34. Kg3 b4 35. Kf4 b3 36. axb3 axb3 37. e5 Kd3 38. e6 Kc2 39. e7 Kxb2
40. e8=Q Kc3 41. Qe5+ Kc2 42. Qxg7 b2 43. Qxh7+ Kc1 44. Qb7 b1=Q 45. Qxb1+ Kxb1
46. g4 Kc2 47. g5 Kd3 48. g6 Kd4 49. g7 Kd5 50. g8=Q+ Kd4 51. Qe6 Kd3 52. Qe4+
Kd2 53. Qe3+ Kc2 54. Ke4 Kb2 55. Kd4 Ka2 56. Kc3 Kb1 57. Qd2 Ka1 58. Qb2# 1-0